00992nam a2200217 a 450000100100000000500170001000800410002702000150006804000250008310000290010824501320013726000720026930000210034149000520036250400730041450400330048771000730052083000590059395201050065299900170075700004116920201002034656.0130917s1999 sp 000 0 spa d a8400078497 aDO-SdBNPbspacBNPHU1 aPelayo, Francisco96772810aCiencia y creencia en España durante el siglo XIX :bla paleontología en el debate sobre el darwinismo /cFrancisco Pelayo. aMadrid :bConsejo Superior de Investigaciones Científicas,c1999. a380 p. ;c18 cm.1 aCuadernos Galileo de Historia de la Cienciav20 aIncluye referencias bibliográficas y notas al pie de las páginas abibliografías : p. 367-3802 aConsejo Superior de Investigaciones Científicas, (España)963834 0aCuadernos Galileo de Historia de la Ciencian20967729 001050718MOaGRbGRcCTd2013-09-20iLF1l0o p41169-10r2020-06-25w2020-06-25y1ZNo se presta c40659d40659